Waterfront Landscapes Song ngữ A-TR

Shranjeno v:
Bibliografske podrobnosti
Glavni avtor: Balsley, Thomas
Format: Knjiga
Jezik:English
Izdano: 2011
Teme:
Oznake: Označite
Brez oznak, prvi označite!
Thư viện lưu trữ: Mạng thư viện Đại học Đà Nẵng
LEADER 00917nam a22002651a 4500
001 000034586
003 10789
005 20151027133638.0
008 151027s2011 000 eng
020 |a 9787538171341 
041 |a eng 
082 |a 428  |b BA-TH  |2 Song ngữ A-TR 
100 |a Balsley, Thomas 
245 |a Waterfront Landscapes  |c Thomas Balsley  |n Song ngữ A-TR 
260 |c 2011 
300 |a 267p. : ill ; 30cm 
650 |a Thomas Balsley, 2011, Waterfront Landscapes, Waterfront, Landscapes, English 
OWN |a LNN 
AVA |a UDN50  |b LNN  |d 428 BA-TH  |e available  |t Error 5001 Not defined in file expand_doc_bib_avail.  |f 1  |g 0  |h N  |i 0  |k 1 
999 |a From the UDN01 
AVA |a UDN50  |b LNN  |d 428 BA-TH  |e available  |t Error 5001 Not defined in file expand_doc_bib_avail.  |f 1  |g 0  |h N  |i 0  |k 1 
TYP |a Monograph 
980 |a Mạng thư viện Đại học Đà Nẵng